[Event "1st Goa GM Open 2018"]
[Site "Taleigao"]
[Date "2018.10.18"]
[Round "8"]
[White "Senthil Maran K"]
[Black "Neelotpal, Das"]
[Result "0-1"]
[WhiteElo "2216"]
[BlackElo "2436"]
[Annotator "TA"]
[PlyCount "92"]
[EventDate "2018.10.13"]
[EventType "swiss"]
[EventCountry "IND"]
[SourceTitle "playchess.com"]
[Source "ChessBase"]
[SourceQuality "1"]

{[%evp 9,92,195,882,69,83,20,49,0,0,-27,-20,-441,-411,-500,-483,-545,-503,-564,-560,-596,-591,-589,-537,-549,-546,-560,-471,-552,-425,-477,-477,-489,-490,-558,-562,-660,-91,-71,-15,-402,-58,-666,-683,-833,-822,-799,-864,-849,-862,-815,-797,-787,-835,-831,-802,-827,-823,-816,-784,-1068,-1062,-2714,-910,-2772,-931,-5551,-609,-29984,-938,-991,-913,-1159,-1138,-1659,-1638,-1540,-1385,-1602,-2703,-4666,-2657,-1818,-1629,-1718,-1268]} 1. Nf3 c6 2. d4 c5 $146 ({Predecessor:} 2... Na6 3. e4 g6 4. Nc3 Nc7 5. Bf4 Bg7 6. Bc4 d6 7. O-O Nf6 8. a4 O-O 9. h3 Nxe4 10. Nxe4 d5 11. Bd3 Ne6 {½-½ (103) Ladva,O (2522)-Carlsen,M (2834) chess.com INT 2018}) 3. d5 b5 4. a4 Bb7 5. axb5 Bxd5 $2 (5... g6 6. e4 d6) 6. Bg5 $2 {A04: Unusual lines after 1 Nf3 and King's Indian Attack} (6. Qxd5 $18 Na6 7. Rxa6) 6... Bb7 $1 $14 7. c4 (7. e4 $16) 7... Nf6 8. Bf4 {White is slightly better.} g6 9. Nbd2 Bg7 10. Ne4 $2 {[%mdl 8192]} (10. Qc2 $11 {and White stays safe.}) 10... Bxe4 11. Qd2 a6 12. e3 O-O 13. Be2 axb5 14. Rxa8 Bxa8 15. cxb5 d5 16. O-O Nbd7 17. Ra1 {[#]} e5 $1 18. Bg3 (18. Nxe5 Nxe5) 18... e4 19. Ne1 Bb7 20. Ra4 Qb6 21. b3 {[#]} d4 $1 22. Bc4 (22. exd4 Nd5) 22... Ne5 $2 (22... Nd5 $19 {has better winning chances.} 23. Qa5 d3 24. Nxd3 exd3 25. Bxd3 Qf6) 23. Bxe5 $17 {[%cal Re3d4]} Rd8 ({Better is} 23... Ne8 $17 24. Bxg7 Kxg7) 24. Nc2 $2 {[%mdl 8192]} (24. exd4 $11 {and White has nothing to worry.} cxd4 25. Bxd4) 24... Ne8 $2 (24... dxe3 $19 25. Qe1 Ng4) 25. g3 $2 {[%mdl 8192]} (25. Bxg7 $15 Nxg7 26. Kf1) 25... Bxe5 $19 26. Na3 dxe3 27. Qxe3 Rd1+ 28. Bf1 Bd4 29. Qe2 Rd3 30. Nc4 Qf6 31. Ra7 Bd5 32. Ne3 Bxe3 33. fxe3 Rxb3 34. Qf2 Qc3 35. Rc7 c4 36. Qf4 Rxb5 37. h4 Rb3 38. Kh2 Qf6 (38... Nxc7 $142 39. Kg1 Rb2 40. g4 Qe1 41. h5 c3 42. hxg6 hxg6 43. Qh2 {[#]} Qxf1+ $1 {[%mdl 512]} 44. Kxf1 Rxh2 45. g5 c2 46. Kg1 Rd2 47. Kh1 c1=Q#) 39. Rc5 {Black is clearly winning.} Qxf4 40. exf4 Be6 41. Kg2 Rb2+ 42. Kg1 e3 43. Re5 c3 {[%cal Bc4c3,Bc3c2][%mdl 32]} 44. Rxe3 c2 45. Rc3 Bf5 46. g4 Be4 {Precision: White = 12%, Black = 62%.} 0-1

[Event "1st Goa GM Open 2018"]
[Site "Taleigao"]
[Date "2018.10.18"]
[Round "8"]
[White "Aditya Mittal"]
[Black "Tukhaev, Adam"]
[Result "1/2-1/2"]
[WhiteElo "2215"]
[BlackElo "2556"]
[Annotator "TA"]
[PlyCount "77"]
[EventDate "2018.10.13"]
[EventType "swiss"]
[EventCountry "IND"]
[SourceTitle "playchess.com"]
[Source "ChessBase"]
[SourceQuality "1"]

{[%evp 15,77,18,23,0,0,0,15,15,15,2,2,-2,38,40,35,0,-4,-32,0,0,0,0,0,0,0,0,0,0,0,0,8,-404,0,0,0,-377,20,19,23,21,22,17,47,49,54,0,39,0,38,22,31,12,12,12,18,11,26,22,34,18,23,34,89,83]} 1. d4 Nf6 2. c4 g6 3. Nc3 d5 4. cxd5 Nxd5 5. Bd2 Bg7 6. e4 Nb6 7. Be3 O-O 8. Bb5 {D85: Exchange Grünfeld: Unusual White 7th moves and lines with 7 Nf3} (8. h3 e5 9. Nf3 exd4 10. Bxd4 Nc6 11. Bxg7 Qxd1+ 12. Rxd1 Kxg7 13. Bb5 Nb4 14. a3 a6 15. Be2 Nc6 16. O-O {0-1 (62) Le,Q (2737)-Artemiev,V (2691) Huaian 2017}) 8... Bd7 {LiveBook: 15 Games} 9. Bxd7 Qxd7 10. Nf3 {The position is equal.} Nc4 11. Qe2 Nxe3 12. Qxe3 c5 $146 {[%cal Rc5d4]} ({Predecessor:} 12... Nc6 13. Rd1 e6 14. O-O Rfd8 15. e5 Nb4 {1-0 (71) Krush,I (2455)-Lenderman,A (2598) Saint Louis 2010}) 13. d5 e6 14. Rd1 exd5 15. Nxd5 Qb5 16. Qe2 Qxe2+ (16... a6 {feels hotter.} 17. Rd2 Nc6 18. O-O Qxe2 19. Rxe2 Rad8) 17. Kxe2 {And now Nc7 would win.} Nc6 18. Rhe1 $1 f5 19. Kf1 fxe4 20. Rxe4 Rae8 21. Rxe8 Rxe8 22. b3 h6 23. Nc3 $2 {[%mdl 8192] [#]} (23. Nf4 $11 {and White stays safe.}) 23... Rd8 $2 ({Black should play} 23... Bxc3 $19 24. Rd5 Bb4) 24. Rxd8+ $11 Nxd8 {[%mdl 4096] Endgame KBN-KNN} 25. Ke2 $2 {[%mdl 8192]} (25. Nb5 $11 {and White is okay.}) 25... Nc6 $2 (25... Bxc3 $19 26. Kd3 Bb2) 26. Nd5 Kf7 27. Kd3 Ke6 28. Ke4 Bf8 29. Nf4+ Kf6 $1 30. Nd5+ Ke6 31. Nf4+ Kf6 $1 32. Nd3 Ke6 33. Nfe5 Nxe5 34. Nxe5 {KB-KN} g5 35. h4 b5 36. h5 a6 37. g3 Bg7 38. Ng4 c4 {[#]} ({Black should try} 38... Bf8 $14) 39. bxc4 $1 {Precision: White = 51%, Black = 39%.} 1/2-1/2

[Event "1st Goa GM Open 2018"]
[Site "Taleigao"]
[Date "2018.10.18"]
[Round "8"]
[White "Mehdi Hasan Parag"]
[Black "Rakesh Kumar Jena"]
[Result "0-1"]
[WhiteElo "2209"]
[BlackElo "2388"]
[Annotator "TA"]
[PlyCount "134"]
[EventDate "2018.10.13"]
[EventType "swiss"]
[EventCountry "IND"]
[SourceTitle "playchess.com"]
[Source "ChessBase"]
[SourceQuality "1"]

{[%evp 16,134,-17,-30,-16,-18,0,-60,-47,-66,-45,-41,-52,-40,-18,-44,-33,-26,-15,-85,-68,-89,-73,-97,-52,-110,-85,-703,-714,-696,-157,-157,-162,-170,-58,-50,-42,-41,-18,-73,-72,-73,-82,-75,-35,-45,-35,-49,-45,-239,-242,-224,-233,-223,-166,-200,0,0,125,145,136,94,138,138,1335,421,323,-86,-368,-98,-96,-90,-48,-61,-53,-52,-60,-60,-53,-52,-68,-99,-87,-91,-77,-97,-86,-94,-94,-103,-93,-1236,-1242,-1122,-1126,-29951,-29953,-29952,-29951,-12839,-5521,-29965,-29965,-29971,-29972,-29971,-29972,-29977,-29978,-29971,-29975,-29979,-29977,-29983,-29984,-29984,-29985,-29985,-29986,-29986,-29987]} 1. e4 d6 2. d4 Nf6 3. Nc3 g6 4. f4 Bg7 5. Nf3 O-O 6. Bd3 c5 7. d5 e6 8. O-O exd5 9. exd5 {LiveBook: 13 Games} Nbd7 {A43: Schmid Benoni} (9... Na6 10. h3 Nb4 11. Bc4 Bf5 12. Rf2 Ne4 13. Nxe4 Bxe4 14. Ng5 b5 15. Bxb5 Bxd5 16. c3 Qb6 17. Be2 {½-½ (41) Cioara,A (2477)-Chatalbashev,B (2570) Plovdiv 2012}) 10. f5 Ng4 11. fxg6 $146 (11. Bg5 $11 Qb6 12. Na4) ({Predecessor:} 11. Kh1 Nde5 12. fxg6 fxg6 13. Ne4 Nxd3 14. cxd3 Bf5 15. h3 Ne5 16. Nxe5 Bxe5 17. Bg5 {0-1 (40) Estimo,S-Villasenor,P Manila 1969}) 11... fxg6 $15 {Black is slightly better.} 12. Ne4 {[#]} c4 $1 {[%mdl 512]} 13. Bxc4 Qb6+ 14. Kh1 Nc5 15. Nc3 Bf5 16. h3 Ne5 17. Be2 (17. Bb3 $11) 17... Nxf3 $1 $17 18. Bxf3 Rae8 19. a4 Qb4 20. Qd2 (20. g4 $1 $15 Bd7 21. Ra3) 20... Qc4 21. Qd1 $2 {[%mdl 8192] [#]} (21. Be2 $17 Qh4 22. Rf4) 21... Bxc2 $1 $19 {[%mdl 512]} 22. Be2 (22. Qxc2 Qxf1+) 22... Bd3 $2 (22... Qxc3 $19 {has better winning chances.} 23. Rxf8+ Rxf8 24. bxc3 Bxd1) 23. Rxf8+ $17 Rxf8 24. Be3 Bxc3 (24... Bxe2 $19 25. Qxe2 Qxe2 26. Nxe2 Bxb2) 25. Bxd3 $15 Nxd3 26. bxc3 Qxc3 27. Rb1 (27. Bxa7 $11 Qc4 28. Rb1) 27... Re8 $17 28. Qg1 b6 $36 {[%mdl 2048] White is under strong pressure.} 29. Rf1 Qe5 30. Bh6 $1 Qxd5 {[#] Hoping for ...Qc5.} 31. Qe3 $1 {[%cal Re3e8][%mdl 512]} Ne5 (31... Rxe3 32. Rf8#) 32. Qf4 $2 (32. Rc1 $15) 32... Nf7 $19 33. Qh4 Qe4 34. Bf4 Qf5 {...g5 is the strong threat.} 35. Rf3 g5 $2 ({Black should try} 35... Qb1+ $19 36. Kh2 Qb4) 36. Bxg5 $1 $11 Qb1+ ({Of course not} 36... Qxg5 $6 37. Rg3 $16) (36... Qe4 $1 $11 {keeps the balance.}) 37. Kh2 $16 {[%mdl 1024] White has strong compensation.} Re1 38. Bd2 $1 {[%cal Rd2e1]} ({Much less strong is} 38. Qc4 Rh1+ 39. Kg3 Qe1+ 40. Kg4 Qe8 $16) 38... Rh1+ 39. Kg3 Rg1 $2 {[%mdl 8192]} (39... Qg6+ $16 40. Kf2 Qc2 41. Qg3+ Qg6) 40. Rf2 (40. Qe7 $142 Qg6+ 41. Kh4) 40... Rd1 $18 {intending ...Qd3+.} 41. Kh2 $2 (41. Qe7 $18 Qg6+ 42. Kh2 Rxd2 43. Rxd2) 41... Rh1+ $17 42. Kg3 Qd3+ 43. Kf4 Qd4+ (43... Kf8 {looks sharper.} 44. Qg4 Ke7 45. Qg7 Rf1 46. Rxf1 Qxf1+ 47. Ke3 Qf6) 44. Kg3 Qxh4+ 45. Kxh4 $15 {[%mdl 4096] Endgame KRB-KRN} Ra1 46. Rf4 Ra2 47. Rd4 $1 Kf8 48. g4 Ke7 $1 49. Bg5+ Ke6 50. Rf4 {Threatens to win with Rf6+.} Ne5 $1 {[%cal Re5g6] And now ...Ng6+ would win.} 51. Kh5 Ra3 52. h4 Rf3 $1 53. Rxf3 $4 {[%mdl 8192]} (53. Rd4 $17) 53... Nxf3 $17 {KB-KN} 54. Kh6 d5 $1 {[%cal Bd6d5,Bd5d4,Bd4d3][%mdl 32]} 55. Kxh7 {[#]} d4 $1 {[%cal Rd4d3]} 56. Bc1 Nxh4 57. Kh6 d3 58. g5 Kf5 {Black mates.} 59. Bd2 a6 {[%cal Ba7a6,Ba6b5][%mdl 32]} 60. Be1 Ng6 61. Bd2 b5 62. axb5 axb5 63. Bb4 Ne5 64. Kh5 Nf3 65. g6 {[#]} d2 $1 66. Bxd2 Nxd2 67. g7 Ne4 {Precision: White = 34%, Black = 67%.} 0-1

[Event "1st Goa GM Open 2018"]
[Site "Taleigao"]
[Date "2018.10.18"]
[Round "8"]
[White "Mehdi Hasan Parag"]
[Black "Rakesh Kumar Jena"]
[Result "*"]
[WhiteElo "2209"]
[BlackElo "2388"]
[Annotator "TA"]
[PlyCount "28"]
[EventDate "2018.10.13"]
[EventType "swiss"]
[EventCountry "IND"]
[SourceTitle "playchess.com"]
[Source "ChessBase"]
[SourceQuality "1"]

{[%evp 10,11,38,28]} 1. e4 {Marin,M} d6 2. d4 Nf6 3. Nc3 g6 4. f4 Bg7 5. Nf3 O-O 6. Bd3 {LiveBook: 2368 Games} {Predecessor:} Nc6 $146 7. Be2 Bg4 8. Be3 Bxf3 9. Bxf3 e5 10. fxe5 dxe5 11. d5 Nd4 12. O-O c6 13. dxc6 bxc6 14. Ne2 Qc7 {½-½ (60) Karjakin,S (2773)-Nepomniachtchi,I (2742) Saint Louis 2017 CBM 180 [Marin,M]} *

[Event "1st Goa GM Open 2018"]
[Site "Taleigao"]
[Date "2018.10.18"]
[Round "8"]
[White "Singh, S. Vikramjit"]
[Black "Anwesh, Upadhyaya"]
[Result "1-0"]
[WhiteElo "2192"]
[BlackElo "2381"]
[Annotator "TA"]
[PlyCount "49"]
[EventDate "2018.10.13"]
[EventType "swiss"]
[EventCountry "IND"]
[SourceTitle "playchess.com"]
[Source "ChessBase"]
[SourceQuality "1"]

{[%evp 14,49,-12,-37,37,10,59,70,158,93,90,44,37,40,47,52,119,88,101,51,128,125,249,249,247,222,335,341,312,341,446,345,619,343,500,490,467,462]} 1. d4 d5 2. c4 c6 3. Nf3 Nf6 4. Nc3 e6 5. e3 Nbd7 6. Qc2 Bd6 7. g4 h6 8. Rg1 {LiveBook: 195 Games} g5 {D45: Semi-Slav: 5 e3} ({Black should play} 8... e5 $1 $15) (8... e5 9. cxd5 cxd5 10. Nb5 Bb8 11. g5 hxg5 12. Nxg5 e4 13. Bd2 Nb6 14. Qc5 Bd7 15. Nd6+ Bxd6 16. Qxd6 {½-½ (30) Rapport,R (2752)-Ragger,M (2697) Baku 2016}) 9. Bd2 a6 10. e4 e5 $146 ({Black should try} 10... dxe4 $14 11. Nxe4 Nxe4 12. Qxe4 Nf6) ({Predecessor:} 10... dxe4 11. Nxe4 Nxe4 12. Qxe4 Nf6 13. Qc2 Qc7 14. O-O-O Bd7 15. Ne5 c5 16. h4 cxd4 17. Nxd7 Nxd7 18. hxg5 hxg5 19. Bxg5 {0-1 (53) Paba,A (2196)-Lora,J (2152) Cartagena 2011}) 11. cxd5 (11. exd5 $142 exd4 12. Nxd4) 11... cxd5 $16 12. Nxd5 Nxd5 13. exd5 O-O 14. Bd3 $36 {[%mdl 2048] White has the initiative.} Qf6 (14... exd4 $14 15. O-O-O (15. Nxd4 Re8+ 16. Kf1 Nf6 $11) 15... Ne5 16. Bh7+ Kh8 17. Nxd4 Bxg4) 15. Bf5 {Strongly threatening h4!} exd4 {[#]} 16. h4 $1 {[%cal Rh4g5][%mdl 512]} d3 ({Don't go for} 16... gxh4 $2 17. g5 $18) (16... Ne5 $1 $14 17. Nxd4 Bxf5 18. Qxf5 Qxf5 19. Nxf5 Nf3+ 20. Ke2 Nxg1+ 21. Rxg1 Rfe8+ 22. Kf3 Bf8) 17. Qxd3 {[%cal Rh4g5]} Ne5 {[#]} (17... Nc5 $16 18. Qd4 Re8+ 19. Be3 Qxd4 20. Nxd4 gxh4) 18. Nxe5 $1 $18 Re8 19. hxg5 hxg5 (19... Bxf5 {is a better defense.} 20. gxf5 (20. gxf6 Bxd3 21. f4 Bxe5 $15) 20... Rxe5+ 21. Kf1 Qxf5 22. gxh6+ Kh8 23. Qxf5 Rxf5) 20. Kf1 ({Less strong is} 20. Bh7+ Kg7 $16) 20... Bxe5 21. Re1 b5 22. Qh3 Qg7 $2 (22... Qh8 23. Qxh8+ Kxh8) 23. d6 {[%cal Bd5d6,Bd6d7][%mdl 32]} f6 (23... Re6 $142 24. Bxe6 Bxe6) 24. Qb3+ Qf7 25. d7 {Precision: White = 72%, Black = 10%.} 1-0

[Event "1st Goa GM Open 2018"]
[Site "Taleigao"]
[Date "2018.10.18"]
[Round "8"]
[White "Singh, S. Vikramjit"]
[Black "Anwesh, Upadhyaya"]
[Result "*"]
[WhiteElo "2192"]
[BlackElo "2381"]
[Annotator "TA"]
[PlyCount "37"]
[EventDate "2018.10.13"]
[EventType "swiss"]
[EventCountry "IND"]
[SourceTitle "playchess.com"]
[Source "ChessBase"]
[SourceQuality "1"]

{[%evp 8,8,19]} 1. d4 d5 2. c4 c6 3. Nf3 Nf6 4. Nc3 e6 {Predecessor:} 5. e3 $146 Nbd7 6. Qc2 Bd6 7. Be2 O-O 8. O-O b6 9. e4 dxe4 10. Nxe4 Nxe4 11. Qxe4 Qc7 12. Bd3 g6 13. Qh4 Bb7 14. Bd2 c5 15. Ng5 Nf6 16. dxc5 bxc5 17. Rae1 h5 18. Bc3 Ng4 19. Qxh5 {1-0 (19) Duda,J (2737)-Karjakin,S (2773) chess.com INT 2018} *

[Event "1st Goa GM Open 2018"]
[Site "Taleigao"]
[Date "2018.10.18"]
[Round "8"]
[White "Matta, Vinay Kumar"]
[Black "Audi Ameya"]
[Result "*"]
[WhiteElo "2129"]
[BlackElo "2375"]
[Annotator "TA"]
[PlyCount "30"]
[EventDate "2018.10.13"]
[EventType "swiss"]
[EventCountry "IND"]
[SourceTitle "playchess.com"]
[Source "ChessBase"]
[SourceQuality "1"]

{[%evp 15,17,0,4,-8]} 1. e4 e5 2. Nf3 Nc6 3. d4 exd4 4. Nxd4 Qf6 5. Nb5 Bc5 {[%cal Bf8c5,Bc5b6,Bb6a5][%mdl 32]} 6. Qe2 Bb6 7. N1c3 Nge7 8. Be3 {C45: Scotch Game} Ba5 $1 {[#] LiveBook: 27 Games. Hoping for ...a6.} 9. O-O-O {Predecessor:} a6 $146 10. Nd5 Nxd5 11. exd5 axb5 12. Bd4+ Qe7 13. dxc6 bxc6 14. Bxg7 Rg8 15. Be5 d5 {0-1 (48) Muzychuk,M (2528)-Fressinet,L (2702) Cap d'Agde 2015} *

[Event "1st Goa GM Open 2018"]
[Site "Taleigao"]
[Date "2018.10.18"]
[Round "8"]
[White "Matta, Vinay Kumar"]
[Black "Audi Ameya"]
[Result "1/2-1/2"]
[WhiteElo "2129"]
[BlackElo "2375"]
[Annotator "TA"]
[PlyCount "141"]
[EventDate "2018.10.13"]
[EventType "swiss"]
[EventCountry "IND"]
[SourceTitle "playchess.com"]
[Source "ChessBase"]
[SourceQuality "1"]

{[%evp 22,141,0,0,3,12,10,0,7,18,30,35,82,83,88,79,86,86,83,47,51,45,59,49,48,43,37,24,25,23,23,9,9,16,24,0,0,0,0,0,18,18,18,18,18,18,18,18,19,20,40,54,47,30,50,27,47,46,28,39,37,33,77,83,137,133,441,444,283,-45,428,408,331,223,205,54,59,3,3,0,0,0,4,4,172,4,133,140,155,189,189,4,4,4,4,4,12,12,12,3,3,3,3,3,3,3,3,3,3,3,3,3,3,3,3,3,3,0,0,0,0,0]} 1. e4 e5 2. Nf3 Nc6 3. d4 exd4 4. Nxd4 Qf6 5. Nb5 Bc5 6. Qe2 Bb6 7. N1c3 Nge7 8. Be3 {C45: Scotch Game} Ba5 9. O-O-O a6 10. Nd5 Nxd5 11. exd5 axb5 12. Bd4+ {LiveBook: 8 Games} Qe7 13. dxc6 bxc6 14. Bxg7 Rg8 15. Bf6 {[%csl Gf6][%cal Re2e7]} (15. Be5 d5 {0-1 (48) Muzychuk,M (2528)-Fressinet,L (2702) Cap d'Agde 2015}) 15... Qe6 $146 ({Predecessor:} 15... Qxe2 16. Bxe2 {1-0 (52) Braeuer,F (2414)-Karpatchev,A (2463) Germany 2016}) 16. g3 Bb4 17. a3 Be7 18. Bxe7 Qxe2 19. Bxe2 Kxe7 20. Bd3 h6 21. Rhe1+ Kf6 22. Re3 d6 23. Be4 Bd7 24. Rde1 Rae8 25. Bg2 c5 26. Bd5 {Threatens to win with Rf3+.} Rxe3 27. Rxe3 Be6 28. Bxe6 (28. Rd3 {with more complications.} Bxd5 29. Rxd5 Re8 30. Kd2 Rd8 31. Rd3) 28... fxe6 $11 {[%mdl 4096] Endgame KR-KR} 29. Rf3+ Ke7 30. Rf4 d5 31. Rh4 Rg6 32. f4 Kd6 33. Rh5 c4 34. Kd2 c5 35. Ke3 b4 36. axb4 cxb4 37. Kd4 Rf6 38. h3 Rg6 39. g4 {And now Re5 would win.} Rf6 40. Ke3 $1 Kc5 41. h4 Rg6 42. Kf3 Kd4 {[#]} (42... Rf6 $142) 43. Re5 $1 $16 b3 $2 {[%mdl 8192]} (43... c3 $16 {is a better chance.} 44. b3 Kc5) 44. cxb3 $18 cxb3 45. Re3 $2 {[#]} (45. h5 $18 Rf6 46. Kg3) 45... Kc4 $2 {[%mdl 8192]} (45... Rxg4 $1 $15 {[%mdl 512] stays ahead.} 46. Rxe6 (46. Kxg4 Kxe3) 46... Rxh4) 46. Rc3+ Kd4 47. Rxb3 e5 48. fxe5 $2 ({White should try} 48. f5 $18 Rf6 49. Rb4+ Kd3 50. Rb3+ Kd4 51. Rb4+ Kd3 52. Rb3+ Kd4) 48... Kxe5 $14 49. Re3+ (49. Rb8 $14) 49... Kd4 $11 50. Re8 Rf6+ 51. Kg3 Rb6 52. h5 {Black should prevent g5.} Rb3+ $2 (52... Kd3 $1 $11 {and Black stays safe.}) 53. Kh4 $2 ({Only move:} 53. Kf4 $18) 53... Rxb2 (53... Rb6 $11 {remains equal.}) 54. Re6 $16 Rb8 55. Rxh6 {Hoping for Ra6.} Ke5 56. Rh7 $2 ({White should play} 56. Ra6 $18) 56... Rd8 $1 $11 {The position is equal.} 57. Re7+ Kf6 58. Re3 {g5+ is the strong threat.} d4 $1 {[%cal Rd4e3]} 59. Rf3+ Ke5 60. Rf5+ Ke6 61. Rf1 d3 62. Rd1 d2 63. Kg5 Rd4 64. h6 Kf7 $1 65. Kf5 Rd5+ 66. Ke4 Rd6 67. g5 Kg6 68. Ke3 Kxg5 69. Rxd2 Rxd2 70. Kxd2 {h7 would kill now.} Kxh6 71. Ke3 {Precision: White = 54%, Black = 52%.} 1/2-1/2

[Event "1st Goa GM Open 2018"]
[Site "Taleigao"]
[Date "2018.10.18"]
[Round "8"]
[White "Manigandan, S S"]
[Black "Sai Agni Jeevitesh, J."]
[Result "0-1"]
[WhiteElo "2120"]
[BlackElo "2362"]
[Annotator "TA"]
[PlyCount "131"]
[EventDate "2018.10.13"]
[EventType "swiss"]
[EventCountry "IND"]
[SourceTitle "playchess.com"]
[Source "ChessBase"]
[SourceQuality "1"]

{[%evp 13,131,22,17,4,4,4,5,4,8,8,10,6,8,19,22,7,37,29,64,68,75,84,75,68,88,88,88,88,83,86,86,86,84,77,91,98,145,127,170,82,82,91,73,47,42,46,110,109,110,115,117,125,119,118,104,79,77,76,81,85,79,0,80,70,77,83,117,-79,-72,-76,-69,-68,-68,-92,-68,-108,-106,-106,-109,-88,-90,-97,-106,-202,-202,-165,-195,-169,-175,-125,-97,-141,-83,-335,-96,-106,-127,-105,-64,-42,-51,-4618,-1796,-29977,-29977,-29975,-29976,-29981,-29982,-29974,-29975,-29982,-29983,-29988,-29983,-29983,-29984,-29984,-29980,-29977]} 1. d4 d5 2. Nf3 e6 3. c4 a6 4. c5 (4. Bg5 Be7 5. Bxe7 Qxe7 6. e3 Nf6 7. Nc3 O-O 8. c5 Nc6 9. Be2 Rd8 10. O-O e5 11. Nxe5 Nxe5 12. dxe5 Qxe5 {½-½ (22) Ni,H (2670)-Vallejo Pons,F (2709) China 2018}) 4... b6 5. cxb6 cxb6 6. Bf4 {D30: Queen's Gambit Declined: Systems without Nc3} Nf6 7. Nc3 Bd6 {LiveBook: 8 Games} 8. Bg3 {The position is equal.} O-O 9. e3 b5 $146 ({Predecessor:} 9... Bb7 10. Bd3 Ne4 11. Bxe4 dxe4 12. Nd2 f5 {½-½ (29) Anino,S (2150)-Salvatti,D (2026) Villa Martelli 2017}) 10. Bd3 Nc6 11. Rc1 Bb7 12. O-O Bxg3 13. hxg3 Rc8 14. Qe2 Qe7 15. a4 b4 16. Nb1 $1 {[%cal Bc3b1,Bb1d2,Bd2b3][%mdl 32]} Nb8 17. Nbd2 Qd7 18. Ra1 Rc7 19. Nb3 Qd6 20. Rfc1 Rfc8 21. Rxc7 Rxc7 22. Ne5 Nbd7 23. Nxd7 Nxd7 24. a5 Rc8 25. Qd2 $1 Ba8 26. Ra4 (26. Rc1 $1 $18 {[%cal Rc1c8]} Rxc1+ 27. Nxc1 (27. Qxc1 Bb7 $16)) 26... Rb8 $16 27. Qc2 g6 28. Nc5 Bc6 29. Ra1 {[%cal Ba4a1,Ba1c1,Bc1c7][%mdl 32]} Bb5 (29... Nxc5 $14 30. dxc5 Qd8) 30. Bxb5 $1 Rxb5 31. Nb3 $1 Kf8 32. Rc1 Ke7 33. g4 h6 34. Qc7 Qxc7 35. Rxc7 {[%mdl 4096] Endgame And now Nc5 would win. KRN-KRN} Kd6 36. Ra7 Kc6 37. Ra8 ({But not} 37. Rxa6+ Kb7 $11) ({White should play} 37. Kf1 $16) 37... Rb7 (37... Nb8 $11 {remains equal.} 38. Ra7 Rb7) 38. Rxa6+ Kb5 39. Ra8 Ka4 40. Nc5+ $2 (40. Nc1 $16 {keeps the pressure on.}) 40... Nxc5 $17 41. dxc5 {KR-KR} Rc7 {Strongly threatening ...Kb3.} 42. a6 Rxc5 43. a7 Rc7 44. Kf1 Kb3 $1 45. Ke2 Kxb2 46. Rb8 Rxa7 47. Rxb4+ Kc3 48. Rb8 (48. Rb5 $17) 48... Ra2+ $19 49. Kf3 {[#]} e5 $1 {Threatens to win with ...d4.} 50. Rc8+ {[#]} Kd2 $1 {aiming for ...d4.} 51. Rd8 Ra5 52. Rd7 f5 (52... Rb5 $142 53. Rd8 Ke1) 53. Rd6 $2 {[%mdl 8192] [#]} (53. gxf5 $17 gxf5 54. g4 fxg4+ 55. Kxg4) 53... d4 $1 {[%mdl 512]} 54. Rxg6 $17 (54. exd4 Ra3#) 54... fxg4+ 55. Kxg4 d3 {[%cal Bd4d3,Bd3d2][%mdl 32] White must now prevent ...Ke2.} 56. Rxh6 Ke2 57. f4 $2 {[%mdl 8192]} (57. Kf5 $15) 57... Kxe3 (57... d2 $142 58. Rd6 e4) 58. f5 d2 {Black mates.} 59. Rh1 e4 {[%cal Be5e4,Be4e3][%mdl 32]} 60. f6 Kf2 61. Kf4 e3 62. Rd1 Ra4+ 63. Ke5 Ke2 64. f7 Ra8 65. Ra1 Rf8 66. Kd4 {Precision: White = 49%, Black = 57%.} 0-1

[Event "1st Goa GM Open 2018"]
[Site "Taleigao"]
[Date "2018.10.18"]
[Round "8"]
[White "Manigandan, S S"]
[Black "Sai Agni Jeevitesh, J."]
[Result "*"]
[WhiteElo "2120"]
[BlackElo "2362"]
[Annotator "TA"]
[PlyCount "23"]
[EventDate "2018.10.13"]
[EventType "swiss"]
[EventCountry "IND"]
[SourceTitle "playchess.com"]
[Source "ChessBase"]
[SourceQuality "1"]

{[%evp 10,12,24,19,22]} 1. d4 d5 2. Nf3 e6 3. c4 a6 4. c5 (4. Bg5 Be7 5. Bxe7 Qxe7 6. e3 Nf6 7. Nc3 O-O 8. c5 Nc6 9. Be2 Rd8 10. O-O e5 11. Nxe5 Nxe5 12. dxe5 Qxe5 {½-½ (22) Ni,H (2670)-Vallejo Pons,F (2709) China 2018}) 4... b6 5. cxb6 cxb6 6. Bf4 {LiveBook: 3 Games. D30: Queen's Gambit Declined: Systems without Nc3} Nf6 {Predecessor:} 7. Nc3 $146 Bd6 8. e3 O-O 9. Bd3 Nc6 10. Ne5 Bxe5 11. Bxe5 Nxe5 12. dxe5 {0-1 (34) Studer,N (2476)-Ladva,O (2522) chess.com INT 2018} *